Statistiques concernant REME - Arrêts du TER Strasbourg - Molsheim[-Barr] (RER de Strasbourg)

Cliquez ici pour prendre le quiz!

Statistiques générales

  • Ce quiz a été pris 26 fois
  • Le résultat moyen est 9 sur 15

Statistiques - réponses

Réponse% Correct
Strasbourg
100%
Molsheim
94%
Entzheim-Aéroport
89%
Barr
83%
Lingolsheim
78%
Dachstein
67%
Duppigheim
61%
Obernai
61%
Strasbourg-Rœthig
61%
Dorlisheim
56%
Rosheim
50%
Bischoffsheim
39%
Goxwiller
39%
Gertwiller
33%
Duttlenheim Ernolsheim-sur-Bruche
11%

Distribution des résultats

Percentile par nombre de réponses

% des personnes avec chaque résultat

Votre développement - résultats

Vous n’avez pas pris ce quiz